[Event "Madrid FEDC-ch 25th"]
[Site "Madrid"]
[Date "2016.11.10"]
[Round "5"]
[White "Alarcon Alarcon, Juana"]
[Black "Mendez Manturano, Miguel Eduardo"]
[Result "0-1"]
[WhiteElo "1263"]
[BlackElo "1629"]
[PlyCount "52"]
[EventDate "2016.11.06"]
[EventType "swiss"]
[EventRounds "8"]
[EventCountry "ESP"]
[SourceTitle "CBM 175 Extra"]
[Source "ChessBase"]
[SourceDate "2016.12.12"]
[SourceVersion "1"]
[SourceVersionDate "2016.12.12"]
[SourceQuality "1"]

1. e4 e6 2. Nf3 d5 3. e5 c5 4. d3 Nc6 5. Be2 Nge7 6. 0-0 Ng6 7. c3 Ncxe5 8. Nxe5 Nxe5 9. Bf4 Ng6 10. Bg3 Bd6 11. Bxd6 Qxd6 12. Nd2 Bd7 13. Qb3 Bc6 14. Rfe1 0-0 15. Nf3 Qd7 16. Qd1 e5 17. Ng5 h6 18. Bg4 f5 19. Bh5 Nf4 20. Rxe5 hxg5 21. Rc1 g4 22. h3 Nxh5 23. hxg4 Qd6 24. Qe1 Rae8 25. Rxe8 Rxe8 26. Qxe8+ Bxe8 0-1

[Event "Linares FEDC-ch 24th"]
[Site "Linares"]
[Date "2014.11.22"]
[Round "7"]
[White "Martinez Perez, Carlos"]
[Black "Alarcon Alarcon, Juana"]
[Result "1-0"]
[WhiteElo "1508"]
[BlackElo "1322"]
[PlyCount "41"]
[EventDate "2014.11.16"]
[EventType "swiss"]
[EventRounds "8"]
[EventCountry "ESP"]
[SourceTitle "CBM 163 Extra"]
[Source "ChessBase"]
[SourceDate "2014.12.23"]
[SourceVersion "1"]
[SourceVersionDate "2014.12.23"]
[SourceQuality "1"]

1. e4 e5 2. d4 exd4 3. Qxd4 Nc6 4. Qe3 Nf6 5. Nc3 Bb4 6. Bd2 Ng4 7. Qg3 d6 8. h3 Nf6 9. Qxg7 Rg8 10. Qh6 Nd4 11. 0-0-0 Be6 12. Qe3 c5 13. a3 Bxa3 14. bxa3 Qa5 15. Nb1 Ba2 16. Bxa5 Bxb1 17. Kxb1 b5 18. Bc3 0-0-0 19. Bxd4 cxd4 20. Qxd4 Kb7 21. Qxf6 1-0

[Event "Linares FEDC-ch 24th"]
[Site "Linares"]
[Date "2014.11.21"]
[Round "6"]
[White "Alarcon Alarcon, Juana"]
[Black "Garcia Cruz, Jose Manuel"]
[Result "0-1"]
[WhiteElo "1322"]
[BlackElo "1300"]
[PlyCount "44"]
[EventDate "2014.11.16"]
[EventType "swiss"]
[EventRounds "8"]
[EventCountry "ESP"]
[SourceTitle "CBM 163 Extra"]
[Source "ChessBase"]
[SourceDate "2014.12.23"]
[SourceVersion "1"]
[SourceVersionDate "2014.12.23"]
[SourceQuality "1"]

1. e4 d5 2. e5 c5 3. Nf3 Bf5 4. d3 e6 5. Be2 Ne7 6. 0-0 Nbc6 7. Ng5 Nxe5 8. Bf4 N7g6 9. Qd2 Nc6 10. Bh5 f6 11. Nxe6 Bxe6 12. Rd1 Qd7 13. Nc3 0-0-0 14. Nb5 a6 15. a4 Nxf4 16. Qxf4 Bd6 17. Qd2 axb5 18. axb5 Nb8 19. Ra2 Bc7 20. d4 Qd6 21. g3 c4 22. Ra8 g6 0-1

[Event "Linares FEDC-ch 24th"]
[Site "Linares"]
[Date "2014.11.18"]
[Round "3"]
[White "Alarcon Alarcon, Juana"]
[Black "Bueno Cardenas, Rafael"]
[Result "0-1"]
[WhiteElo "1322"]
[BlackElo "1511"]
[PlyCount "58"]
[EventDate "2014.11.16"]
[EventType "swiss"]
[EventRounds "8"]
[EventCountry "ESP"]
[SourceTitle "CBM 163 Extra"]
[Source "ChessBase"]
[SourceDate "2014.12.23"]
[SourceVersion "1"]
[SourceVersionDate "2014.12.23"]
[SourceQuality "1"]

1. e4 e6 2. Nf3 d5 3. e5 c5 4. Nc3 Nc6 5. Bb5 Bd7 6. d3 d4 7. Ne4 Nxe5 8. Bxd7+ Nxd7 9. 0-0 Ngf6 10. Bg5 Be7 11. Nxf6+ Nxf6 12. Ne5 Nd5 13. Bxe7 Qxe7 14. c4 Nc7 15. Qa4+ b5 16. cxb5 0-0 17. f4 Qe8 18. Qd1 Nxb5 19. Qh5 Nd6 20. Rf3 f6 21. Qg4 fxe5 22. Rg3 Nf5 23. Rf3 Ne3 24. Qg5 Rf5 25. Qh4 Qh5 26. Qe7 Qf7 27. Qxc5 e4 28. Qxd4 exf3 29. Qxe3 fxg2 0-1

[Event "Benidorm FEDC op 12th"]
[Site "Benidorm"]
[Date "2012.06.19"]
[Round "3"]
[White "Alarcon Alarcon, Juana"]
[Black "Cadelo Herrera, Vicente"]
[Result "1/2-1/2"]
[WhiteElo "1242"]
[BlackElo "1572"]
[PlyCount "29"]
[EventDate "2012.06.17"]
[EventType "swiss"]
[EventRounds "7"]
[EventCountry "ESP"]
[SourceTitle "EXT 2024"]
[Source "ChessBase"]
[SourceDate "2023.10.10"]
[SourceVersion "1"]
[SourceVersionDate "2023.10.10"]
[SourceQuality "1"]

1. e4 c5 2. Nf3 d6 3. Nc3 Bg4 4. Bb5+ Nd7 5. h3 Bh5 6. d3 a6 7. Bc4 b5 8. Bxf7+ Bxf7 9. Ng5 Ne5 10. Bf4 e6 11. Nxf7 Nxf7 12. 0-0 Be7 13. Re1 Nf6 14. g4 Qb6 15. e5 1/2-1/2

[Event "Benidorm FEDC op 12th"]
[Site "Benidorm"]
[Date "2012.06.18"]
[Round "2"]
[White "Alarcon Alarcon, Juana"]
[Black "Garcia Cruz, Jose Manuel"]
[Result "0-1"]
[WhiteElo "1242"]
[BlackElo "1392"]
[PlyCount "24"]
[EventDate "2012.06.17"]
[EventType "swiss"]
[EventRounds "7"]
[EventCountry "ESP"]
[SourceTitle "EXT 2024"]
[Source "ChessBase"]
[SourceDate "2023.10.10"]
[SourceVersion "1"]
[SourceVersionDate "2023.10.10"]
[SourceQuality "1"]

1. e4 c5 2. Nf3 Nc6 3. Bc4 Nf6 4. Nc3 a6 5. d3 e6 6. 0-0 b5 7. Bb3 Na5 8. e5 Nxb3 9. axb3 Ng8 10. Ne4 Qc7 11. Nd6+ Bxd6 12. exd6 Qxd6 0-1